000 00480nam a2200181Ia 4500
008 090124s9999 xx 000 0 und d
082 _b101453
100 _aसातोस्कर बा.द.
245 _a कुळागर
250 _a1
260 _c1937
300 _a112
600 _aसातोस्कर बा.द.
630 _a कुळागर
700 _aसातोस्कर बा.द.
730 _a कुळागर
942 _cBOOK
999 _c147545
_d147545